000 00324nam a22001457a 4500
008 230315b ||||| |||| 00| 0 eng d
020 _a9789951613279
041 _aeng
080 _a82
082 _a82
100 _a38
101 _aGJUH DHE LETERSI
245 _aTE JETOSH VERTIKALISHT
_cISUFAJ LUSH
942 _2udc
_cBK
999 _c59358
_d59358